Statistics for FIFA 22 TOTW 24

Click here to take the quiz!

General Stats

  • This quiz has been taken 7 times
  • The average score is 13 of 23

Answer Stats

ClubPositionRatingAnswer% Correct
WolfsburgGK87Koen Casteels
100%
PSGST93Kylian Mbappe
100%
NapoliLM87Lorenzo Insigne
100%
Bayern MunichCB84Niklas Sule
100%
West HamCDM84Tomas Soucek
100%
RennesRB84Hamari Traore
83%
TottenhamRWB82Matt Doherty
83%
Bayer LeverkusenRM87Moussa Diaby
83%
Crystal PalaceLW84Wilfried Zaha
83%
LAFCRW85Carlos Vela
67%
ValenciaCB84Gabriel Paulista
67%
Hellas VeronaST86Giovanni Simeone
67%
BarcelonaRW85Ousmane Dembele
67%
OGC NiceGK85Walter Benitez
67%
Atletico MadridLM84Renan Lodi
50%
VillarrealRM79Yeremy Pino
50%
GalatasarayLB81Patrick Van Aanholt
33%
VitesseCB70Dominik Oroz
17%
Real ValladolidST79Sergio Leon
17%
Al IttihadST81Abderrazak Hamdallah
0%
Al FatehLW79Christian Cueva
0%
HoffenheimCM84Christoph Baumgartner
0%
Silkeborg IFST75Nicklas Helenius
0%

Score Distribution

Percentile by Number Answered

Percent of People with Each Score

Your Score History

You have not taken this quiz